000 00276nam a2200109Ia 4500
008 190914s9999||||xx |||||||||||||| ||und||
100 _aWilliam Wells
245 0 _aAdvertising Principles and Practice
260 _aNew Delhi
_bPerson Hall
_c2005
300 _a594
942 _cBK
999 _c9958
_d9958